000 02272nam0a2200397 4500
001 RU\NLR\BIBL_A\022676341
005 20260317105113.0
010 _a978-5-7638-4854-0
_bСФУ
010 _a978-5-16-021340-8
_bИнфра-М
_9500
021 _aRU
_bКН-П-25-060050
_9КН-П-25-5790
035 _a(NLR Aleph) 022676341
090 _a13635373
_c13635373
100 _a20251201d2026 u y0rusy50 ca
101 0 _arus
102 _aRU
105 _aa j 000yy
181 0 _ai
_b xxe
182 0 _an
200 1 _aМетоды, средства и основы научных исследований
_eучебное пособие
_eдля организации образовательного процесса по направлению подготовки 21.03.01 "Нефтегазовое дело"
_fА. Л. Неверов, А. В. Минаков, В. А. Жигарев, Е. И. Лысакова
_gСибирский федеральный университет
203 _aТекст
_bвизуальный
_cнепосредственный
210 _aМосква
_cИнрфа-М
_aКрасноярск
_cСФУ
_d2026 (печ. 2025)
215 _a107 с.
_cил., табл.
_d21
225 1 _aВысшее образование
320 _aБиблиогр.: с. 107 (5 назв.) и в подстроч. примеч.
606 1 _aНаучно-исследовательская работа
_jУчебные издания для высших учебных заведений
_xМетодика
_91395564
_3RU\NLR\AUTH\66586964
606 1 _aНаучные исследования
_jУчебные издания для высших учебных заведений
_xМетоды
_92482813
_3RU\NLR\AUTH\6601690250
686 1 _aЧ215.3я73
686 1 _aЮ251.51я73
701 1 _7ca
_8rus
_aНеверов
_bА. Л.
_f1959-
_gАлександр Леонидович
_9184535
_3RU\NLR\AUTH\770184586
701 1 _aМинаков
_bА. В.
_gАндрей Викторович
701 1 _aЖигарев
_bВ. А.
_gВладимир Алексеевич
701 1 _aЛысакова
_bЕ. И.
_gЕвгения Игоревна
942 _cBOOK
980 _aNB